000 00732nam a2200229 i 4500
001 bg
100 1 _aTRAJDOS, Tadeusz
_d(1922-2002).
245 1 0 _aMatematyka dla inżynierów.
_nT. 2 /
_cTadeusz Trajdos.
250 _aWyd. 5 popr.
260 _aWarszawa :
_bWydawnictwa Naukowo-Techniczne,
_c1987.
300 _a367 s. :
_brys., wykr. ;
_c24 cm.
504 _aBibliogr. s. 367. - Indeksy.
650 9 _aMatematyka
_xpodręcznik akademicki
020 _a8320408164
040 _cBPK
041 0 _apl
080 _a51(075.8)
920 _a83-204-0816-4
942 _cKS
008 s pl f |000 0 pol
856 _uhttp://koha.tu.koszalin.pl/cgi-bin/koha/opac-detail.pl?biblionumber=33011
_yKatalog online BPK
999 _c33011
_d33011